| 000 | 01217cam a22002894a 4500 | ||
|---|---|---|---|
| 001 | 12236663 | ||
| 005 | 20201124143117.0 | ||
| 008 | 001121s2001 enk b 001 0 eng | ||
| 010 | _a 00067097 | ||
| 020 | _a0333772032 (hbk.) | ||
| 020 | _a0333772040 (pbk.) | ||
| 040 |
_aDLC _cDLC _dDLC |
||
| 042 | _apcc | ||
| 043 | _ae------ | ||
| 050 | 0 | 0 |
_aGE190.E85 _bM33 2001 |
| 082 | 0 | 0 |
_a363.70560 _221 _bMCC |
| 245 | 1 | 0 |
_aEnvironmental policy in the European Union / _cJohn McCormick. |
| 260 |
_aHoundmills, Basingstoke, Hampshire ; _aNew York : _bPalgrave, _c2001. |
||
| 300 |
_axviii, 329 p. ; _c23 cm. |
||
| 490 | 1 | _aThe European Union series | |
| 504 | _aIncludes bibliographical references (p. 310-319) and index. | ||
| 856 | 4 | 2 |
_3Contributor biographical information _uhttp://www.loc.gov/catdir/bios/hol059/00067097.html |
| 856 | 4 | 2 |
_3Publisher description _uhttp://www.loc.gov/catdir/description/hol051/00067097.html |
| 856 | 4 | 1 |
_3Table of contents _uhttp://www.loc.gov/catdir/toc/hol051/00067097.html |
| 942 |
_2ddc _cNB |
||
| 999 |
_c11114 _d11114 |
||